000
00482nam a2200133Ia 4500
008
100328s9999 xx 000 0 und d
082
_b
17522
100
_a
विराज एमे.ए.
245
_a
महान व्यक्तियों की झलक
260
_b
शिक्षा भारती
630
_a
महान व्यक्तियों की झलक
730
_a
महान व्यक्तियों की झलक
942
_c
BOOK
999
_c
512088
_d
512085